000 01279cam a2200373 a 4500
001 8194472
003 ASDFRTUILÑP
005 20220326193257.0
008 100401s2009 cr b 000 0 spa
010 _a 2010385300
020 _a9789968472197
020 _a9968472190
035 _a(OCoLC)ocn609904978
035 _a(OCoLC)609904978
035 _a(NNC)8194472
040 _aDLC
_cDLC
043 _anccr---
050 0 0 _aJV7413
_b.J56 2009
082 _a304.872.86
_bJ61v
100 1 _aJiménez, Alexander.
_91130
245 1 3 _aLa vida en otra parte :
_bmigraciones y cambios culturales en Costa Rica /
_cAlexander Jiménez Matarrita.
250 _a1a ed.
260 _a[San José, Costa Rica] :
_bEditorial Arlekín,
_c2009.
300 _a196 p. ;
_c22 cm.
504 _aIncludes bibliographical references (p. [180]-196).
650 0 _aSocial change
_zCosta Rica.
_91145
650 0 _aemigracion e inmigracion
_zCosta Rica
_xcondiciones sociales
_xcambio cultural
_91146
650 0 _aImmigrants
_zCosta Rica
_xSocial conditions.
_91147
651 0 _aCosta Rica
_xEmigration and immigration
_xSocial aspects.
_91148
651 0 _aCosta Rica
_xSocial conditions.
_91149
700 _aAlexander Jimenez
_91150
948 1 _a20101122
_bc
_cdc21
_dMPS
999 _c247
_d247